[Event "Famalicao op 1st"]
[Site "Famalicao"]
[Date "2013.08.29"]
[Round "8.24"]
[White "Rocha, Paulo Alexandre"]
[Black "Mendes, Andreia Fernandes"]
[Result "1-0"]
[WhiteElo "1468"]
[BlackElo "1239"]
[PlyCount "93"]
[EventDate "2013.08.26"]
[EventType "swiss"]
[EventRounds "9"]
[EventCountry "POR"]
[SourceTitle "EXT 2015"]
[Source "ChessBase"]
[SourceDate "2014.11.20"]
[SourceVersion "1"]
[SourceVersionDate "2014.11.20"]
[SourceQuality "1"]

1. e4 e5 2. Nf3 Nc6 3. d4 Nf6 4. Bg5 d6 5. dxe5 dxe5 6. Qxd8+ Kxd8 7. Nc3 Be7 8. 0-0-0+ Bd7 9. Bc4 h6 10. Bxf6 Bxf6 11. Bxf7 Ke7 12. Bc4 a6 13. Nd5+ Kd8 14. Nxf6 gxf6 15. Be6 Rh7 16. Bxd7 Rxd7 17. Rxd7+ Kxd7 18. Rd1+ Ke7 19. c3 b5 20. Nh4 h5 21. Nf5+ Ke8 22. Ng7+ Ke7 23. Nxh5 Na5 24. b3 c5 25. Ng3 c4 26. b4 Nc6 27. Nf5+ Ke8 28. Rd6 Nd8 29. Rxf6 Nb7 30. Re6+ Kf7 31. Re7+ Kg6 32. Rxb7 Rd8 33. Rb6+ Kg5 34. h4+ Kf4 35. Nd6 Rg8 36. g3+ Kf3 37. Nf7 Rf8 38. Rf6+ Ke2 39. f4 exf4 40. gxf4 Rg8 41. Ng5 Rd8 42. Ne6 Rd1+ 43. Kb2 Kd3 44. Nc5+ Kd2 45. Rd6+ Ke2 46. Rxd1 Kxd1 47. e5 1-0